000 00674nam a2200289Ia 4500
005 20260324133252.0
008 008 260324s9999 xx 000 0 eng d
020 _a9780429223129
037 _aEBOOK
040 _aCRL
040 _beng
040 _cCRL
041 _2eng
041 _aeng
084 _qCRL
100 _aJames F. Rusling
_91192442
245 0 _aBiomolecular Films
245 0 _bDesign, Function, and Applications
260 _bTaylor and Francis
260 _c2003
365 _a
365 _b640
856 _uhttp://www.taylorfrancis.com/books/9780429223129
942 _cEBOOK
999 _c1791332
_d1791332